| 000 | 00510nam a2200193Ia 4500 | ||
|---|---|---|---|
| 005 | 20250508165625.0 | ||
| 008 | 008 250505s9999 xx 000 0 eng d | ||
| 037 | _aTextual | ||
| 040 |
_aFEDL _beng _cFEDL |
||
| 041 |
_aeng _2eng |
||
| 084 |
_a915, NAT _qFEDL |
||
| 245 | 0 | _aGeography of Punjab | |
| 245 | 0 | _cNational book trust India | |
| 260 |
_aDelhi, India _bNational Book Trust _c1993 |
||
| 300 | _a162p. | ||
| 365 |
_aINR _b40 |
||
| 942 |
_cTEXL _h915, NAT |
||
| 999 |
_c1396282 _d1396282 |
||